चाह चौधर की (Record no. 147959)

MARC details
000 -LEADER
fixed length control field 00439nam a2200145Ia 4500
008 - FIXED-LENGTH DATA ELEMENTS--GENERAL INFORMATION
fixed length control field 230917s9999||||xx |||||||||||||| ||und||
040 ## - CATALOGING SOURCE
-- 167404
Original cataloging agency VIVEKANANDA LIBRARY
041 ## - Language
-- English
082 ## - DDC NUMBER
Classification number 891.491503741 DR536CC
100 ## - MAIN ENTRY--PERSONAL NAME
Personal name धनखङ, राजबीर सिंह
245 #0 - TITLE STATEMENT
Title चाह चौधर की
260 ## - PUBLICATION, DISTRIBUTION, ETC. (IMPRINT)
Place of publication, distribution, etc दिल्ली
Name of publisher, distributor, etc पीयूष प्रकाशन
Date of publication, distribution, etc 2006
300 ## - PHYSICAL DESCRIPTION
Pages 144 पृ. p.
942 ## - ADDED ENTRY ELEMENTS (KOHA)
Koha item type Hindi Books
Holdings
Withdrawn status Lost status Damaged status Not for loan Location (home branch) Sublocation or collection (holding branch) Date acquired Koha issues (times borrowed) Koha full call number Accession No. Koha date last seen Koha item type
        VIVEKANANDA LIBRARY VIVEKANANDA LIBRARY 12/11/2010   891.491503741 DR536CC 263552 17/09/2023 Hindi Books
        VIVEKANANDA LIBRARY VIVEKANANDA LIBRARY 12/11/2010   891.491503741 DR536CC 292474 17/09/2023 Hindi Books
        VIVEKANANDA LIBRARY VIVEKANANDA LIBRARY 12/11/2010   891.491503741 DR536CC 292475 17/09/2023 Hindi Books
        VIVEKANANDA LIBRARY VIVEKANANDA LIBRARY 12/11/2010   891.491503741 DR536CC 332233 17/09/2023 Hindi Books
        VIVEKANANDA LIBRARY VIVEKANANDA LIBRARY 12/11/2010   891.491503741 DR536CC 335352 17/09/2023 Hindi Books
        VIVEKANANDA LIBRARY VIVEKANANDA LIBRARY 12/11/2010   891.491503741 DR536CC 335353 17/09/2023 Hindi Books
        VIVEKANANDA LIBRARY VIVEKANANDA LIBRARY 12/11/2010 1 891.491503741 DR536CC 339784 16/01/2025 Hindi Books
© Designed and Maintained by Vivekananda Library, MDU Rohtak